| 000 | 00810nam a2200229Ia 4500 | ||
|---|---|---|---|
| 003 | GCL | ||
| 008 | 140319s9999 xx 000 0 ara d | ||
| 020 | _a5121109977 | ||
| 040 |
_aGCL / _cGCL |
||
| 082 | 0 | 4 |
_a219.3 _bى إ |
| 100 | 1 | _aيوسف القرضاوى | |
| 245 | 1 | 0 |
_aالاسلام والعنف : _bنظرات تأصيلية / _cيوسف القرضاوى |
| 250 | _aالثانية | ||
| 260 |
_aالقاهرة : _bدار الشروق ، _c2007 |
||
| 300 |
_a61 ص ؛ _c24 سم |
||
| 650 | 0 | 4 | _aالاسلام والمجتمع |
| 650 | 0 | 4 | _aالاسلام والاصلاح السياسى |
| 650 | 0 | 4 | _aالاسلام - حركات الاحياء والاصلاح والتجديد |
| 650 | 0 | 4 | _aالاسلام - مبادىء عامة |
| 650 | 0 | 4 | _aالعنف - الاسلام |
| 942 |
_2ddc _cBK |
||
| 999 |
_c9567 _d9567 |
||